000
00246nam a2200097Ia 4500
005
20251222114402.0
008
251222s1900||||xx |||||||||||||| ||spa||
082
_a
DVD0040/K26/1998
245
0
_a
Los elegidos de la gloria:The right stuff
942
_c
DVD
999
_c
1690
_d
1690